| 000 | 00791na a2200241 4500 | ||
|---|---|---|---|
| 001 | 13588 | ||
| 003 | MIRAKIL | ||
| 005 | 20181213155220.0 | ||
| 008 | 160826b tu 000 0 | ||
| 035 | _a13588 | ||
| 040 |
_aMilas _btur _cTR-AnCHP |
||
| 082 |
_aATA 923.156 _bA72n [t.y.] |
||
| 090 | _aATA 923.156 A72n [t.y.] | ||
| 100 |
_aAtatürk, Mustafa Kemal _d1881-1838 |
||
| 245 |
_aNutuk _bsöylev _cMustafa Kemal Atatürk |
||
| 260 |
_aİstanbul _bCHP İstanbul İl Başkanlığı _c[t.y.] |
||
| 300 |
_a816 s. _c21 sm. |
||
| 600 |
_aAtatürk, Mustafa Kemal _d1881-1938 _xSöylev ve demeçler |
||
| 600 |
_aAtatürk, Mustafa Kemal _d1881-1938 _xSiyasal ve sosyal görüşler |
||
| 650 |
_aAtatürk devrimleri _xTürkiye |
||
| 651 |
_aTürkiye _xSiyaset ve yönetim |
||
| 942 |
_2ddc _cBKS |
||
| 999 |
_c8666 _d8666 |
||